000 00611nam a2200229Ia 4500
003 0100
008 130303s9999 xx 000 0 und d
020 _a0722312148
040 _cARRUPELIB
050 _aHC517.R42O44 1979
100 _aOllawa, Patrick Eze
245 _aParticipatory democracy in Zambia
245 _bThe political economy of national development
260 _aDevon
260 _bArthur H. Stockwell
260 _C1979
300 _a520p.
300 _b 22cm.
650 _bCatholic church--United States--History
650 _cUnited States--Church history
942 _2lcc
_02
999 _c66419
_d66419